000
00284nam a22001217a 4500
008
170526b xxu||||| |||| 00| 0 eng d
041
_a
GER
080
_a
62
100
_a
27
101
_a
IM
245
_a
SCHRIFTEENRIKE TECHNISCHEN UNIVERSITU WIEN
_c
VARGA.T.TH
942
_2
udc
_c
BK
999
_c
14575
_d
14575